| 000 | 01245nam a2200265 u 4500 | ||
|---|---|---|---|
| 001 | 000805075 | ||
| 003 | AM-YeHGA | ||
| 005 | 20250618073921.0 | ||
| 008 | 110421s2011 ai | |||||||||||||arm|d | ||
| 020 | _a9785808413832 | ||
| 040 | _aAM-YeHGA | ||
| 041 | 0 | _aarm | |
| 100 | 1 |
_aՆահապետյան, Ռաֆիկ Ասքանազի, _d1943- _94125 |
|
| 245 | 1 | 0 |
_aԱղձնիքահայերի մանկան ծննդի և խնամքի ավանդական սովորույթներն ու ծեսերը : _b[Պատմաազգագրական ուսումնասիրութ.] / _cՌ. Ա.Նահապետյան; ԵՊՀ. |
| 260 |
_aԵրևան : _bԵՊՀ հրատ, _c2011. |
||
| 300 |
_a214 էջ : _bդիմանկ. ; _c21 սմ. |
||
| 440 | 0 |
_aԱրևմտահայերի էթնոմշակութային բնութագիրը _vթիւ 3 |
|
| 504 | _aՄատենագիտ. տողատ. ծանոթ. և էջ՝ 206-213 հայ. և ռուս. | ||
| 504 | _aՀավելված էջ՝ 191-205 | ||
| 520 | 3 | _aԱմփոփում՝ ռուս. և անգլ. լեզ. | |
| 650 | 1 | 4 |
_aԱզգագրություն _95627 |
| 650 | 1 | 4 | _aՀայ ժողովրդի պատմական ծեսեր, սովորույթներ |
| 710 | 2 | _aԵրևանի պետական համալսարան | |
| 090 | _c294202 | ||
| 999 |
_c292518 _d292518 |
||